Flashback : (Record no. 1)

MARC details
000 -LEADER
fixed length control field 00729pam a2200253 a 4500
005 - DATE AND TIME OF LATEST TRANSACTION
control field 20260322212002.0
008 - FIXED-LENGTH DATA ELEMENTS--GENERAL INFORMATION
fixed length control field data
010 ## - LIBRARY OF CONGRESS CONTROL NUMBER
LC control number 95013524
020 ## - INTERNATIONAL STANDARD BOOK NUMBER
International Standard Book Number 0133032647
020 ## - INTERNATIONAL STANDARD BOOK NUMBER
International Standard Book Number 9780133032642
040 ## - CATALOGING SOURCE
Original cataloging agency DLC
Transcribing agency DLC
Modifying agency DLC
050 00 - LIBRARY OF CONGRESS CALL NUMBER
Classification number PN1993.5.A1
Item number G54 1996
082 00 - DEWEY DECIMAL CLASSIFICATION NUMBER
Classification number 791.43/09
Edition information 20
092 ## - LOCALLY ASSIGNED DEWEY CALL NUMBER (OCLC)
Classification number 791.43 G54 1996
001 - CONTROL NUMBER
control field data
100 1# - MAIN ENTRY--PERSONAL NAME
Personal name Giannetti, Louis D.
245 10 - TITLE STATEMENT
Title Flashback :
Remainder of title a brief history of film /
Statement of responsibility, etc. Louis D. Giannetti & Scott Eyman.
250 ## - EDITION STATEMENT
Edition statement 3rd ed.
260 ## - PUBLICATION, DISTRIBUTION, ETC.
Place of publication, distribution, etc. Englewood Cliffs, N.J. :
Name of publisher, distributor, etc. Prentice Hall,
Date of publication, distribution, etc. c1996.
300 ## - PHYSICAL DESCRIPTION
Extent xii, 564 p. :
Other physical details ill. ;
Dimensions 24 cm.
504 ## - BIBLIOGRAPHY, ETC. NOTE
Bibliography, etc. note Includes bibliographical references and index.
650 #0 - SUBJECT ADDED ENTRY--TOPICAL TERM
Topical term or geographic name entry element Motion pictures
General subdivision History.
700 1# - ADDED ENTRY--PERSONAL NAME
Personal name Eyman, Scott,
Dates associated with a name 1951-
Holdings
Withdrawn status Lost status Damaged status Not for loan Home library Current library Shelving location Date acquired Total checkouts Full call number Barcode Date last seen Price effective from Koha item type
        Centerville Centerville General stacks 22/03/2026   791.43/09 20 BC0010001 22/03/2026 22/03/2026 Books